[Event "Iranian Men's Chess Championship "]
[Site "Tehran"]
[Date "2017.03.05"]
[Round "1"]
[Board "1"]
[White "Ghaem Maghami, Ehsan"]
[Black "Idani, Pouya"]
[Result "1/2-1/2"]
[WhiteElo "2577"]
[BlackElo "2576"]
[PlyCount "0"]
[EventDate "2017.03.05"]
[EventRounds "11"]
[EventCountry "IRI"]

1. d4 {[%clk 1:30:59]} Nf6 {[%clk 1:30:51]} 2. Nf3 {[%clk 1:31:06]} d5
{[%clk 1:30:27]} 3. c4 {[%clk 1:29:19]} e6 {[%clk 1:30:40]} 4. Bg5
{[%clk 1:29:38]} Be7 {[%clk 1:30:59]} 5. Nc3 {[%clk 1:29:24]} h6 {[%clk 1:31:24]}
6. Bh4 {[%clk 1:25:54]} O-O {[%clk 1:31:41]} 7. e3 {[%clk 1:25:05]} Ne4
{[%clk 1:32:06]} 8. Bxe7 {[%clk 1:25:16]} Qxe7 {[%clk 1:32:33]} 9. Qc2
{[%clk 1:23:35]} Nxc3 {[%clk 1:31:19]} 10. Qxc3 {[%clk 1:23:49]} c6
{[%clk 1:31:44]} 11. Rc1 {[%clk 1:13:56]} Nd7 {[%clk 1:26:37]} 12. cxd5
{[%clk 1:13:48]} exd5 {[%clk 1:25:40]} 13. Bd3 {[%clk 1:13:40]} Nf6
{[%clk 1:24:13]} 14. O-O {[%clk 1:13:50]} Ne4 {[%clk 1:24:07]} 15. Qc2
{[%clk 0:57:58]} Bf5 {[%clk 1:23:29]} 16. Ne5 {[%clk 0:54:28]} f6
{[%clk 1:19:39]} 17. Nf3 {[%clk 0:52:04]} g5 {[%clk 1:17:57]} 18. Rfe1
{[%clk 0:49:07]} Bh7 {[%clk 1:17:19]} 19. a3 {[%clk 0:49:20]} Rae8
{[%clk 1:13:27]} 1/2-1/2

[Event "Iranian Men's Chess Championship "]
[Site "Tehran"]
[Date "2017.03.05"]
[Round "1"]
[Board "2"]
[White "Gholami, Aryan"]
[Black "Tabatabaei, M.Amin"]
[Result "1-0"]
[WhiteElo "2426"]
[BlackElo "2515"]
[PlyCount "0"]
[EventDate "2017.03.05"]
[EventRounds "11"]
[EventCountry "IRI"]

1. e4 {[%clk 1:30:52]} c5 {[%clk 1:30:55]} 2. Nf3 {[%clk 1:30:59]} d6
{[%clk 1:31:19]} 3. Bb5+ {[%clk 1:26:47]} Nd7 {[%clk 1:31:10]} 4. d4
{[%clk 1:26:39]} cxd4 {[%clk 1:31:00]} 5. Qxd4 {[%clk 1:26:11]} a6
{[%clk 1:31:25]} 6. Bxd7+ {[%clk 1:25:38]} Bxd7 {[%clk 1:31:48]} 7. c4
{[%clk 1:24:59]} Nf6 {[%clk 1:32:03]} 8. Nc3 {[%clk 1:24:25]} g6 {[%clk 1:32:24]}
9. O-O {[%clk 1:20:54]} Bg7 {[%clk 1:32:42]} 10. a4 {[%clk 1:19:37]} O-O
{[%clk 1:32:35]} 11. Qd3 {[%clk 1:19:48]} Qa5 {[%clk 1:16:48]} 12. Bd2
{[%clk 1:10:30]} Rfc8 {[%clk 1:14:26]} 13. b3 {[%clk 1:05:30]} Rab8
{[%clk 1:01:11]} 14. h3 {[%clk 0:59:43]} Qh5 {[%clk 0:53:45]} 15. a5
{[%clk 0:55:24]} Bc6 {[%clk 0:23:55]} 16. b4 {[%clk 0:46:13]} Nd7
{[%clk 0:21:00]} 17. Rac1 {[%clk 0:36:38]} f5 {[%clk 0:11:41]} 18. Nd5
{[%clk 0:27:19]} Re8 {[%clk 0:12:03]} 19. Ng5 {[%clk 0:22:09]} Ne5
{[%clk 0:06:03]} 20. Qg3 {[%clk 0:11:42]} h6 {[%clk 0:06:07]} 21. Ne6
{[%clk 0:09:46]} fxe4 {[%clk 0:06:36]} 22. Nxg7 {[%clk 0:06:00]} Kxg7
{[%clk 0:07:04]} 23. Bc3 {[%clk 0:06:14]} Rbc8 {[%clk 0:04:10]} 24. Bxe5+
{[%clk 0:05:57]} Qxe5 {[%clk 0:04:22]} 25. Qxe5+ {[%clk 0:05:42]} dxe5
{[%clk 0:04:52]} 26. Nc3 {[%clk 0:03:51]} Red8 {[%clk 0:04:48]} 27. b5
{[%clk 0:03:54]} axb5 {[%clk 0:05:08]} 28. cxb5 {[%clk 0:04:22]} Be8
{[%clk 0:05:17]} 29. a6 {[%clk 0:01:14]} bxa6 {[%clk 0:04:25]} 30. bxa6
{[%clk 0:01:43]} Bc6 {[%clk 0:03:25]} 31. Rfd1 {[%clk 0:00:56]} Rd3
{[%clk 0:03:17]} 32. Na2 {[%clk 0:00:33]} Rxd1+ {[%clk 0:01:39]} 33. Rxd1
{[%clk 0:01:02]} Ba8 {[%clk 0:02:05]} 34. Nb4 {[%clk 0:00:49]} Kf6
{[%clk 0:01:41]} 35. Rd7 {[%clk 0:00:35]} Ke6 {[%clk 0:00:44]} 36. Ra7
{[%clk 0:00:47]} Kd6 {[%clk 0:00:51]} 37. Nc2 {[%clk 0:00:40]} Rxc2
{[%clk 0:00:35]} 38. Rxa8 {[%clk 0:01:04]} Ra2 {[%clk 0:00:41]} 39. a7
{[%clk 0:01:13]} Ke6 {[%clk 0:01:05]} 40. Rg8 {[%clk 0:00:56]} Rxa7
{[%clk 0:01:33]} 41. Rxg6+ {[%clk 0:01:19]} Kf5 {[%clk 0:01:27]} 42. Rxh6
{[%clk 0:01:48]} Ra3 {[%clk 0:00:48]} 43. Rh5+ {[%clk 0:02:00]} Kf6
{[%clk 0:01:12]} 44. Rh6+ {[%clk 0:01:56]} Kf5 {[%clk 0:01:33]} 45. Rh5+
{[%clk 0:02:03]} Kf6 {[%clk 0:02:02]} 46. g4 {[%clk 0:02:09]} e3 {[%clk 0:02:17]}
47. fxe3 {[%clk 0:02:23]} Rxe3 {[%clk 0:02:46]} 48. Kf2 {[%clk 0:02:35]} Ra3
{[%clk 0:03:05]} 49. Rf5+ {[%clk 0:02:53]} Ke6 {[%clk 0:03:00]} 50. h4
{[%clk 0:03:03]} Rh3 {[%clk 0:01:21]} 51. h5 {[%clk 0:02:53]} Kd5
{[%clk 0:01:44]} 52. Kg2 Rh4 53. Kg3 {[%clk 0:01:43]} Rh1 {[%clk 0:02:37]} 54.
Rf2 {[%clk 0:01:41]} e4 {[%clk 0:03:07]} 55. Rd2+ {[%clk 0:01:09]} Kc4
{[%clk 0:00:42]} 56. Kf4 {[%clk 0:01:08]} Re1 {[%clk 0:00:53]} 57. h6
{[%clk 0:00:56]} e3 {[%clk 0:01:22]} 58. Rh2 {[%clk 0:01:06]} Kd5
{[%clk 0:00:32]} 59. Kf3 {[%clk 0:00:47]} Rf1+ {[%clk 0:00:33]} 60. Kxe3
{[%clk 0:01:06]} Rf8 {[%clk 0:01:02]} 61. g5 Ke6 62. g6 {[%clk 0:01:28]} Kf6
{[%clk 0:01:23]} 63. Rf2+ {[%clk 0:01:51]} 1-0

[Event "Iranian Men's Chess Championship "]
[Site "Tehran"]
[Date "2017.03.06"]
[Round "2"]
[Board "1"]
[White "Idani, Pouya"]
[Black "Mousavi, Seyed Khalil"]
[Result "1/2-1/2"]
[WhiteElo "2576"]
[BlackElo "2412"]
[PlyCount "0"]
[EventDate "2017.03.05"]
[EventRounds "11"]
[EventCountry "IRI"]

1. e4 {[%clk 1:30:40]} c6 {[%clk 1:30:42]} 2. d4 {[%clk 1:30:35]} d5
{[%clk 1:30:56]} 3. exd5 {[%clk 1:29:47]} cxd5 {[%clk 1:30:40]} 4. Bf4
{[%clk 1:30:14]} Nf6 {[%clk 1:26:23]} 5. c3 {[%clk 1:30:34]} g6 {[%clk 1:25:08]}
6. Nf3 {[%clk 1:26:34]} Bg7 {[%clk 1:23:13]} 7. Bxb8 {[%clk 1:22:13]} Rxb8
{[%clk 1:23:40]} 8. Qa4+ {[%clk 1:22:37]} Bd7 {[%clk 1:23:17]} 9. Qxa7
{[%clk 1:22:59]} O-O {[%clk 1:22:00]} 10. Nbd2 {[%clk 1:20:32]} Ne4
{[%clk 1:20:15]} 11. Be2 {[%clk 1:10:59]} Nxd2 {[%clk 1:09:09]} 12. Nxd2
{[%clk 1:10:46]} e5 {[%clk 1:09:00]} 13. dxe5 {[%clk 1:10:39]} Bxe5
{[%clk 1:06:29]} 14. O-O {[%clk 1:07:19]} Re8 {[%clk 1:04:28]} 15. Nf3
{[%clk 0:49:37]} Bxh2+ {[%clk 0:57:07]} 16. Nxh2 {[%clk 0:49:51]} Rxe2
{[%clk 0:57:24]} 17. Rad1 {[%clk 0:50:11]} Qc7 {[%clk 0:50:28]} 18. Rxd5
{[%clk 0:40:28]} Bc6 {[%clk 0:48:00]} 19. Rd3 {[%clk 0:38:59]} Rd8
{[%clk 0:44:45]} 20. Re3 Rxb2 21. Qa3 Rbd2 22. Ng4 1/2-1/2

[Event "Iranian Men's Chess Championship "]
[Site "Tehran"]
[Date "2017.03.06"]
[Round "2"]
[Board "2"]
[White "Mosadeghpour, Masoud"]
[Black "Pourramezanali, Amirreza"]
[Result "0-1"]
[WhiteElo "2444"]
[BlackElo "2510"]
[PlyCount "0"]
[EventDate "2017.03.05"]
[EventRounds "11"]
[EventCountry "IRI"]

1. Nf3 {[%clk 1:27:14]} c5 {[%clk 1:30:36]} 2. g3 {[%clk 1:26:23]} Nc6
{[%clk 1:31:00]} 3. d4 {[%clk 1:26:50]} cxd4 {[%clk 1:31:14]} 4. Nxd4
{[%clk 1:27:18]} g6 {[%clk 1:31:35]} 5. Bg2 {[%clk 1:27:27]} Bg7 {[%clk 1:31:59]}
6. c3 {[%clk 1:27:37]} Nf6 {[%clk 1:31:38]} 7. O-O {[%clk 1:27:12]} O-O
{[%clk 1:30:40]} 8. Na3 {[%clk 1:27:15]} d5 {[%clk 1:28:39]} 9. Nb3
{[%clk 1:24:20]} h6 {[%clk 1:15:27]} 10. Be3 {[%clk 1:18:50]} Kh7
{[%clk 0:53:32]} 11. h3 {[%clk 1:09:03]} e5 {[%clk 0:51:30]} 12. Bc5
{[%clk 1:09:10]} Re8 {[%clk 0:50:40]} 13. c4 {[%clk 1:08:52]} Be6
{[%clk 0:36:20]} 14. cxd5 {[%clk 1:04:45]} Bxd5 {[%clk 0:32:37]} 15. Bxd5
{[%clk 0:48:44]} Qxd5 {[%clk 0:29:22]} 16. Qxd5 {[%clk 0:49:04]} Nxd5
{[%clk 0:29:47]} 17. Rfd1 {[%clk 0:49:20]} Red8 {[%clk 0:21:02]} 18. Nb5
{[%clk 0:47:22]} b6 {[%clk 0:15:09]} 19. Ba3 {[%clk 0:38:00]} e4 {[%clk 0:14:44]}
20. Rac1 {[%clk 0:34:47]} Ncb4 {[%clk 0:11:57]} 21. Nc7 {[%clk 0:20:10]} Rac8
{[%clk 0:09:58]} 22. Nb5 {[%clk 0:14:58]} Rxc1 {[%clk 0:07:43]} 23. Nxc1
{[%clk 0:14:41]} Nc6 {[%clk 0:08:10]} 24. Nb3 {[%clk 0:07:59]} a6
{[%clk 0:07:34]} 25. Nc7 {[%clk 0:08:01]} Nxc7 {[%clk 0:07:23]} 26. Rc1
{[%clk 0:08:31]} e3 {[%clk 0:01:41]} 27. Rxc6 {[%clk 0:07:57]} Rd1+
{[%clk 0:02:05]} 28. Kg2 {[%clk 0:08:14]} Nd5 {[%clk 0:02:30]} 29. fxe3
{[%clk 0:07:20]} Nxe3+ {[%clk 0:02:05]} 30. Kf2 {[%clk 0:06:50]} Nd5
{[%clk 0:01:52]} 31. Rd6 {[%clk 0:06:08]} Be5 {[%clk 0:00:36]} 32. Rd7
{[%clk 0:05:31]} Kg7 {[%clk 0:00:37]} 33. e4 {[%clk 0:05:45]} Nc3
{[%clk 0:00:57]} 34. Re7 {[%clk 0:05:58]} Nxe4+ {[%clk 0:00:37]} 35. Ke2
{[%clk 0:04:22]} Rd5 {[%clk 0:00:56]} 36. g4 {[%clk 0:04:38]} Ng5
{[%clk 0:01:06]} 37. Rb7 {[%clk 0:03:42]} b5 {[%clk 0:01:06]} 38. h4
{[%clk 0:02:32]} Ne6 {[%clk 0:01:35]} 39. Rb6 {[%clk 0:02:49]} Nd4+
{[%clk 0:01:27]} 40. Nxd4 {[%clk 0:00:36]} Rxd4 {[%clk 0:01:56]} 41. g5
{[%clk 0:00:33]} Rxh4 {[%clk 0:02:16]} 42. gxh6+ {[%clk 0:00:51]} Kxh6
{[%clk 0:01:23]} 43. Bf8+ {[%clk 0:01:02]} Kh5 {[%clk 0:00:38]} 44. Rxa6
{[%clk 0:01:00]} Rh2+ {[%clk 0:01:07]} 45. Kf3 {[%clk 0:01:08]} Rxb2
{[%clk 0:01:31]} 46. Ra7 {[%clk 0:01:15]} f6 {[%clk 0:01:38]} 47. Bc5
{[%clk 0:00:56]} Kg5 {[%clk 0:01:58]} 48. Ke4 {[%clk 0:00:38]} Kg4
{[%clk 0:02:17]} 49. a3 {[%clk 0:00:39]} g5 {[%clk 0:02:35]} 50. Rb7
{[%clk 0:00:51]} Rb3 {[%clk 0:02:35]} 51. Rd7 {[%clk 0:00:31]} Bb2
{[%clk 0:02:26]} 52. Rd1 {[%clk 0:00:31]} f5+ {[%clk 0:02:50]} 53. Kd5
{[%clk 0:00:54]} Bxa3 {[%clk 0:02:36]} 54. Rg1+ {[%clk 0:01:17]} Kh5
{[%clk 0:02:35]} 55. Bd4 {[%clk 0:01:22]} Rd3 {[%clk 0:01:01]} 56. Ke5
{[%clk 0:01:46]} Kg6 {[%clk 0:00:55]} 57. Rb1 {[%clk 0:00:46]} Bd6+
{[%clk 0:01:18]} 58. Kd5 {[%clk 0:00:46]} Be7 {[%clk 0:01:46]} 0-1

[Event "Iranian Men's Chess Championship "]
[Site "Tehran"]
[Date "2017.03.06"]
[Round "2"]
[Board "4"]
[White "Maghsoodloo, Parham"]
[Black "Lorparizangeneh, Shahin"]
[Result "1/2-1/2"]
[WhiteElo "2576"]
[BlackElo "2524"]
[PlyCount "0"]
[EventDate "2017.03.05"]
[EventRounds "11"]
[EventCountry "IRI"]

1. c4 {[%clk 1:30:55]} c6 {[%clk 1:29:57]} 2. Nf3 {[%clk 1:28:01]} d5
{[%clk 1:30:23]} 3. e3 {[%clk 1:27:32]} Nf6 {[%clk 1:30:48]} 4. d4
{[%clk 1:27:49]} Bg4 {[%clk 1:30:25]} 5. Nc3 {[%clk 1:27:42]} e6 {[%clk 1:30:30]}
6. h3 {[%clk 1:28:06]} Bh5 {[%clk 1:30:31]} 7. g4 {[%clk 1:27:32]} Bg6
{[%clk 1:30:54]} 8. Ne5 {[%clk 1:27:55]} Nbd7 {[%clk 1:30:56]} 9. Nxg6
{[%clk 1:25:45]} hxg6 {[%clk 1:31:23]} 10. Bg2 {[%clk 1:22:01]} dxc4
{[%clk 1:24:56]} 11. Qe2 {[%clk 1:20:35]} Nb6 {[%clk 1:23:50]} 12. O-O
{[%clk 1:20:05]} g5 {[%clk 1:07:59]} 13. Rd1 {[%clk 0:59:04]} Nfd5
{[%clk 1:08:11]} 14. a4 {[%clk 0:51:23]} a5 {[%clk 1:07:30]} 15. e4
{[%clk 0:51:37]} Nf4 {[%clk 1:04:24]} 16. Bxf4 {[%clk 0:51:46]} gxf4
{[%clk 1:04:51]} 17. d5 {[%clk 0:52:15]} Qg5 {[%clk 1:00:42]} 18. dxc6
{[%clk 0:46:12]} bxc6 {[%clk 1:00:18]} 19. e5 {[%clk 0:46:40]} Rc8
{[%clk 1:00:40]} 20. Qe4 {[%clk 0:44:36]} Bc5 {[%clk 0:57:30]} 21. Nb1
{[%clk 0:44:36]} Bb4 {[%clk 0:55:26]} 22. Na3 {[%clk 0:40:21]} f3
{[%clk 0:52:14]} 23. Bf1 {[%clk 0:39:37]} g6 {[%clk 0:49:19]} 24. Qd4
{[%clk 0:31:59]} Nd5 25. Nxc4 Nf4 26. Qd7+ Kf8 27. Qxc8+ Kg7 28. Qxh8+ Kxh8
 1/2-1/2

[Event "Iranian Men's Chess Championship "]
[Site "Tehran"]
[Date "2017.03.07"]
[Round "4"]
[Board "2"]
[White "Darini, Pouria"]
[Black "Mousavi, Seyed Khalil"]
[Result "1/2-1/2"]
[WhiteElo "2518"]
[BlackElo "2412"]
[PlyCount "0"]
[EventDate "2017.03.05"]
[EventRounds "11"]
[EventCountry "IRI"]

1. d4 {[%clk 1:18:58]} d5 {[%clk 1:29:55]} 2. Nc3 {[%clk 1:19:24]} Nf6
{[%clk 1:29:41]} 3. Bf4 {[%clk 1:19:50]} e6 {[%clk 1:30:04]} 4. Nb5
{[%clk 1:20:18]} Bb4+ {[%clk 1:30:33]} 5. c3 {[%clk 1:20:41]} Ba5
{[%clk 1:30:49]} 6. e3 {[%clk 1:16:43]} O-O {[%clk 1:30:15]} 7. Bd3
{[%clk 1:12:37]} a6 {[%clk 1:30:33]} 8. Na3 {[%clk 1:13:06]} c6 {[%clk 1:30:54]}
9. Nf3 {[%clk 1:13:07]} Bc7 {[%clk 1:31:06]} 10. O-O {[%clk 1:00:36]} c5
{[%clk 1:30:38]} 11. dxc5 {[%clk 0:55:07]} Nbd7 {[%clk 1:24:23]} 12. Bxc7
{[%clk 0:41:22]} Qxc7 {[%clk 1:24:35]} 13. c4 {[%clk 0:41:47]} dxc4
{[%clk 1:17:40]} 14. Nxc4 {[%clk 0:41:30]} Nxc5 {[%clk 1:16:51]} 15. Rc1
{[%clk 0:36:09]} b5 {[%clk 1:09:52]} 16. Nce5 {[%clk 0:30:44]} Qb6
{[%clk 1:09:58]} 17. Ng5 {[%clk 0:17:18]} Nxd3 {[%clk 1:01:10]} 18. Qxd3
{[%clk 0:17:02]} h6 {[%clk 0:59:02]} 19. Ne4 {[%clk 0:08:53]} Nxe4
{[%clk 0:56:08]} 20. Qxe4 {[%clk 0:09:19]} 1/2-1/2

[Event "Iranian Men's Chess Championship "]
[Site "Tehran"]
[Date "2017.03.07"]
[Round "4"]
[Board "3"]
[White "Maghsoodloo, Parham"]
[Black "Pourramezanali, Amirreza"]
[Result "1/2-1/2"]
[WhiteElo "2576"]
[BlackElo "2510"]
[PlyCount "0"]
[EventDate "2017.03.05"]
[EventRounds "11"]
[EventCountry "IRI"]

1. c4 {[%clk 1:30:30]} e6 {[%clk 1:30:45]} 2. g3 {[%clk 1:26:59]} d5
{[%clk 1:30:36]} 3. Bg2 {[%clk 1:27:27]} Nf6 {[%clk 1:30:58]} 4. Nf3
{[%clk 1:26:27]} c5 {[%clk 1:27:46]} 5. O-O {[%clk 1:26:19]} Nc6 {[%clk 1:27:38]}
6. d4 {[%clk 1:21:43]} dxc4 {[%clk 1:27:56]} 7. Qa4 {[%clk 1:16:58]} Bd7
{[%clk 1:28:09]} 8. dxc5 {[%clk 1:17:14]} Na5 {[%clk 1:13:51]} 9. Qc2
{[%clk 1:16:50]} Bxc5 {[%clk 1:13:22]} 10. Ne5 {[%clk 1:17:02]} Rc8
{[%clk 1:12:03]} 11. Nc3 {[%clk 1:14:17]} Nc6 {[%clk 0:46:54]} 12. Nxc4
{[%clk 0:58:49]} O-O {[%clk 0:43:15]} 13. Bf4 {[%clk 0:54:27]} Qe7
{[%clk 0:29:44]} 14. Rad1 {[%clk 0:51:48]} Nd4 {[%clk 0:29:41]} 15. Qd3
{[%clk 0:43:09]} Bc6 {[%clk 0:29:06]} 16. Bxc6 {[%clk 0:34:08]} Nxc6
{[%clk 0:28:03]} 17. Bd6 {[%clk 0:29:01]} Bxd6 {[%clk 0:28:14]} 18. Qxd6
{[%clk 0:29:24]} Qxd6 {[%clk 0:26:14]} 19. Nxd6 {[%clk 0:29:32]} Rc7
{[%clk 0:26:40]} 20. Ndb5 {[%clk 0:25:33]} Rcc8 {[%clk 0:26:35]} 21. Nd6
{[%clk 0:20:49]} 1/2-1/2

[Event "Iranian Men's Chess Championship "]
[Site "Tehran"]
[Date "2017.03.07"]
[Round "4"]
[Board "4"]
[White "Tabatabaei, M.Amin"]
[Black "Bagheri, Maziar"]
[Result "1/2-1/2"]
[WhiteElo "2515"]
[BlackElo "2302"]
[PlyCount "0"]
[EventDate "2017.03.05"]
[EventRounds "11"]
[EventCountry "IRI"]

1. d4 {[%clk 1:30:58]} d5 {[%clk 1:30:41]} 2. c4 {[%clk 1:31:19]} c6
{[%clk 1:31:04]} 3. Nf3 {[%clk 1:31:29]} Nf6 {[%clk 1:31:26]} 4. Nc3
{[%clk 1:31:56]} a6 {[%clk 1:30:03]} 5. g3 {[%clk 1:31:23]} dxc4 {[%clk 1:28:59]}
6. Bg2 {[%clk 1:31:48]} Nbd7 {[%clk 1:22:07]} 7. O-O {[%clk 1:31:38]} e6
{[%clk 1:20:57]} 8. a4 {[%clk 1:18:40]} a5 {[%clk 1:16:00]} 9. e4
{[%clk 1:18:40]} Bb4 {[%clk 1:13:46]} 10. Qe2 {[%clk 1:18:55]} O-O
{[%clk 1:10:14]} 11. Qxc4 {[%clk 1:15:19]} b6 {[%clk 1:06:46]} 12. Rd1
{[%clk 1:15:31]} Ba6 {[%clk 1:07:05]} 13. Qb3 {[%clk 1:15:56]} Rc8
{[%clk 1:03:39]} 14. Qc2 {[%clk 1:08:52]} Qe7 {[%clk 1:00:57]} 15. e5
{[%clk 0:58:37]} Nd5 {[%clk 1:00:15]} 16. Bg5 {[%clk 0:57:22]} Qe8
{[%clk 0:46:20]} 17. Rac1 {[%clk 0:57:04]} Bxc3 {[%clk 0:40:42]} 18. bxc3
{[%clk 0:57:12]} c5 {[%clk 0:41:06]} 19. c4 {[%clk 0:46:04]} Nb4 {[%clk 0:39:18]}
20. Qe4 {[%clk 0:36:18]} cxd4 {[%clk 0:35:42]} 21. Rxd4 {[%clk 0:36:30]} Nc6
{[%clk 0:28:27]} 22. Rd6 {[%clk 0:35:47]} Ne7 {[%clk 0:26:56]} 23. Rcd1
{[%clk 0:17:03]} Rxc4 {[%clk 0:21:05]} 24. Qe1 {[%clk 0:17:21]} Rc7
{[%clk 0:16:17]} 25. Nd4 {[%clk 0:14:50]} Ng6 {[%clk 0:16:22]} 26. Nc6
{[%clk 0:13:36]} Bb7 {[%clk 0:14:15]} 27. Bd8 {[%clk 0:08:00]} Rxc6
{[%clk 0:10:56]} 28. Rxd7 {[%clk 0:08:22]} Rc1 {[%clk 0:11:01]} 29. Rxb7
{[%clk 0:06:55]} Rxd1 {[%clk 0:11:20]} 30. Qxd1 {[%clk 0:07:19]} Qxd8
{[%clk 0:11:45]} 31. Qd6 {[%clk 0:06:58]} Qc8 {[%clk 0:10:47]} 32. Rc7
{[%clk 0:03:13]} Qa6 {[%clk 0:10:40]} 33. Bf1 {[%clk 0:02:45]} Qa8
{[%clk 0:11:03]} 34. Bg2 {[%clk 0:02:34]} Qa6 {[%clk 0:11:28]} 35. Rc2
{[%clk 0:01:08]} Rc8 {[%clk 0:09:57]} 36. Bf1 {[%clk 0:01:37]} Qa8
{[%clk 0:10:12]} 37. Rxc8+ {[%clk 0:02:03]} Qxc8 {[%clk 0:10:37]} 38. Qxb6
{[%clk 0:02:30]} Qc3 {[%clk 0:09:55]} 39. Qd8+ {[%clk 0:02:04]} Nf8
{[%clk 0:10:19]} 40. Qb8 {[%clk 0:01:43]} h5 {[%clk 0:10:26]} 41. h4
{[%clk 0:01:15]} g6 {[%clk 0:10:50]} 42. Bb5 {[%clk 0:01:36]} Qe1+
{[%clk 0:10:46]} 43. Kg2 {[%clk 0:02:03]} Qe4+ {[%clk 0:10:57]} 44. Kh2
{[%clk 0:02:27]} Qd4 {[%clk 0:10:35]} 45. Kg2 {[%clk 0:01:16]} Qe4+
{[%clk 0:10:52]} 46. Kg1 {[%clk 0:01:14]} Qe1+ {[%clk 0:11:16]} 47. Bf1
{[%clk 0:01:33]} Kg7 {[%clk 0:11:07]} 48. Qc7 {[%clk 0:01:52]} Kg8
{[%clk 0:10:43]} 49. Qc5 {[%clk 0:01:20]} Kg7 {[%clk 0:10:45]} 50. Qb5
{[%clk 0:01:31]} Qd2 {[%clk 0:10:29]} 51. Bd3 {[%clk 0:01:54]} Qc1+
{[%clk 0:10:35]} 52. Kg2 {[%clk 0:02:03]} Qc7 {[%clk 0:11:04]} 53. f4
{[%clk 0:01:19]} 1/2-1/2

[Event "Iranian Men's Chess Championship "]
[Site "Tehran"]
[Date "2017.03.07"]
[Round "4"]
[Board "5"]
[White "Ghaem Maghami, Ehsan"]
[Black "Lorparizangeneh, Shahin"]
[Result "1/2-1/2"]
[WhiteElo "2577"]
[BlackElo "2524"]
[PlyCount "0"]
[EventDate "2017.03.05"]
[EventRounds "11"]
[EventCountry "IRI"]

1. Nf3 {[%clk 1:25:52]} Nf6 {[%clk 1:30:53]} 2. c4 {[%clk 1:26:10]} c5
{[%clk 1:31:19]} 3. d4 {[%clk 1:24:41]} cxd4 {[%clk 1:31:44]} 4. Nxd4
{[%clk 1:25:06]} Nc6 {[%clk 1:32:11]} 5. Nc3 {[%clk 1:24:42]} e6 {[%clk 1:32:35]}
6. a3 {[%clk 1:20:31]} Be7 {[%clk 1:31:28]} 7. e4 {[%clk 1:15:00]} O-O
{[%clk 1:30:39]} 8. Nf3 {[%clk 1:10:28]} Qc7 {[%clk 1:30:58]} 9. Be2
{[%clk 1:09:21]} b6 {[%clk 1:30:51]} 10. O-O {[%clk 1:06:25]} Bb7
{[%clk 1:30:56]} 11. Bg5 {[%clk 1:02:38]} Rad8 {[%clk 1:30:56]} 12. Rc1
{[%clk 0:59:35]} Qb8 {[%clk 1:29:11]} 13. h3 {[%clk 0:45:21]} h6 {[%clk 1:24:45]}
14. Be3 {[%clk 0:45:07]} Bd6 {[%clk 1:14:16]} 15. Qd2 {[%clk 0:32:15]} Ne5
{[%clk 1:11:30]} 16. Rcd1 {[%clk 0:27:26]} Bc7 {[%clk 1:09:51]} 17. Qc2
{[%clk 0:20:40]} 1/2-1/2

[Event "Iranian Men's Chess Championship "]
[Site "Tehran"]
[Date "2017.03.08"]
[Round "5"]
[Board "1"]
[White "Firouzja, Alireza"]
[Black "Idani, Pouya"]
[Result "1/2-1/2"]
[WhiteElo "2470"]
[BlackElo "2576"]
[PlyCount "0"]
[EventDate "2017.03.05"]
[EventRounds "11"]
[EventCountry "IRI"]

1. d4 {[%clk 1:30:51]} Nf6 {[%clk 1:29:45]} 2. c4 {[%clk 1:28:43]} e6
{[%clk 1:28:26]} 3. g3 {[%clk 1:29:01]} d5 {[%clk 1:28:49]} 4. Nf3
{[%clk 1:29:16]} Be7 {[%clk 1:28:35]} 5. Bg2 {[%clk 1:29:40]} O-O
{[%clk 1:29:01]} 6. Nc3 {[%clk 1:29:31]} dxc4 {[%clk 1:29:24]} 7. Ne5
{[%clk 1:29:28]} c5 {[%clk 1:29:49]} 8. dxc5 {[%clk 1:29:44]} Qxd1+
{[%clk 1:30:15]} 9. Nxd1 {[%clk 1:30:07]} Bxc5 {[%clk 1:30:43]} 10. Ne3
{[%clk 1:27:12]} c3 {[%clk 1:12:29]} 11. bxc3 {[%clk 1:24:11]} Nbd7
{[%clk 1:12:58]} 12. Nd3 {[%clk 1:01:24]} Be7 {[%clk 1:08:00]} 13. O-O
{[%clk 0:56:37]} Rb8 {[%clk 1:00:22]} 14. Nc2 {[%clk 0:44:57]} e5
{[%clk 0:58:05]} 15. Ne3 {[%clk 0:34:01]} Re8 {[%clk 0:56:12]} 16. Nc4
{[%clk 0:25:40]} Bf8 {[%clk 0:51:33]} 17. Rd1 {[%clk 0:18:51]} e4
{[%clk 0:51:05]} 18. Nb4 {[%clk 0:19:07]} b6 {[%clk 0:47:26]} 19. Bf4
{[%clk 0:16:57]} Ra8 {[%clk 0:47:49]} 20. Nd6 {[%clk 0:11:09]} Bxd6
{[%clk 0:48:11]} 21. Rxd6 {[%clk 0:11:35]} Bb7 {[%clk 0:48:33]} 22. g4
{[%clk 0:11:06]} h6 {[%clk 0:46:35]} 23. h4 {[%clk 0:11:30]} Ne5 {[%clk 0:39:03]}
24. g5 {[%clk 0:10:22]} Ng6 {[%clk 0:37:40]} 25. Bh2 {[%clk 0:07:09]} hxg5
{[%clk 0:36:19]} 26. hxg5 {[%clk 0:07:32]} Nh7 {[%clk 0:34:38]} 27. Rd7
{[%clk 0:07:39]} Bc8 {[%clk 0:34:58]} 28. Rd4 {[%clk 0:08:08]} Bf5
{[%clk 0:27:34]} 29. Nd5 {[%clk 0:08:02]} Rad8 {[%clk 0:26:56]} 30. Rad1
{[%clk 0:07:58]} Rc8 {[%clk 0:27:05]} 31. Nc7 {[%clk 0:05:18]} Rf8
{[%clk 0:27:20]} 32. Bxe4 {[%clk 0:01:04]} Bxe4 {[%clk 0:27:42]} 33. Rxe4
{[%clk 0:01:33]} Nxg5 {[%clk 0:28:03]} 34. Ra4 {[%clk 0:00:54]} f5
{[%clk 0:24:41]} 35. Rd7 {[%clk 0:00:44]} Rfd8 {[%clk 0:24:08]} 36. Rad4
{[%clk 0:00:50]} Rxd7 {[%clk 0:24:28]} 37. Rxd7 {[%clk 0:01:19]} Nf8
{[%clk 0:22:09]} 38. Re7 {[%clk 0:00:35]} Ng6 {[%clk 0:21:54]} 39. Rd7
{[%clk 0:01:04]} Nf8 {[%clk 0:22:18]} 40. Rd3 {[%clk 0:00:50]} Nfe6
{[%clk 0:21:49]} 41. Nxe6 {[%clk 0:00:40]} Nxe6 {[%clk 0:22:00]} 42. Be5
{[%clk 0:01:09]} Rc5 {[%clk 0:21:01]} 43. Bd6 {[%clk 0:01:12]} Rc4
{[%clk 0:19:59]} 44. f3 {[%clk 0:00:35]} Kf7 {[%clk 0:19:17]} 45. Bb8
{[%clk 0:00:53]} a5 {[%clk 0:19:00]} 46. Rd5 {[%clk 0:00:34]} f4 {[%clk 0:18:49]}
47. Be5 {[%clk 0:00:41]} Ra4 {[%clk 0:16:25]} 48. Rb5 {[%clk 0:00:42]} Rxa2
{[%clk 0:16:32]} 49. Kf1 {[%clk 0:01:12]} Ra1+ {[%clk 0:13:39]} 50. Kf2
{[%clk 0:01:34]} Rd1 {[%clk 0:14:02]} 51. Rxb6 {[%clk 0:01:47]} Rd5
{[%clk 0:14:26]} 52. Bd6 {[%clk 0:02:11]} g5 {[%clk 0:12:47]} 53. Ke1
{[%clk 0:01:46]} a4 {[%clk 0:11:12]} 54. Bb4 {[%clk 0:01:56]} Ng7
{[%clk 0:10:17]} 55. c4 {[%clk 0:02:07]} Rd8 {[%clk 0:09:49]} 56. Bc3
{[%clk 0:00:39]} Ne6 {[%clk 0:09:36]} 57. Rb7+ {[%clk 0:01:03]} Kg6
{[%clk 0:09:28]} 58. Ra7 {[%clk 0:00:48]} Nd4 {[%clk 0:09:07]} 59. Ra6+
{[%clk 0:00:34]} Kh5 {[%clk 0:08:39]} 60. Kf2 {[%clk 0:00:32]} Nf5
{[%clk 0:07:33]} 61. Rxa4 {[%clk 0:00:34]} Ne3 {[%clk 0:07:43]} 62. Bf6
{[%clk 0:00:38]} Rd6 {[%clk 0:06:49]} 63. Be5 {[%clk 0:00:45]} Rd1
{[%clk 0:07:14]} 64. Ra1 {[%clk 0:01:11]} Rxa1 {[%clk 0:07:41]} 1/2-1/2